Informe de investigación. La producción artesanal y la equidad: El caso de Valle de Ángeles /
Este documento resume el trabajo de investigación desarrollado en el municipio hondureño de Valle de Ángeles durante 8 meses como parte del postgrado de Investigación del Desarrollo Económico Local de FLACSO. En dicha zona una de las actividades productivas más características o visibles es la fabri...
Zapisane w:
| 1. autor: | |
|---|---|
| Format: | Texto |
| Wydane: |
s.l:
FLACSO
|
| Hasła przedmiotowe: | |
| Etykiety: |
Dodaj etykietę
Nie ma etykietki, Dołącz pierwszą etykiete!
|
MARC
| LEADER | 00000 a a2200000 04500 | ||
|---|---|---|---|
| 001 | 37532 | ||
| 003 | |||
| 040 | |a CRAI/IIS |c CRAI/IIS | ||
| 090 | |a 08.02.02 R586i | ||
| 100 | |a Ríos, Mariana | ||
| 245 | |a Informe de investigación. La producción artesanal y la equidad: |b El caso de Valle de Ángeles / |c Mariana Ríos | ||
| 260 | |a s.l: |b FLACSO | ||
| 300 | |a 27 páginas | ||
| 520 | |a Este documento resume el trabajo de investigación desarrollado en el municipio hondureño de Valle de Ángeles durante 8 meses como parte del postgrado de Investigación del Desarrollo Económico Local de FLACSO. En dicha zona una de las actividades productivas más características o visibles es la fabricación de artesanías que está directamente relacionada con la actividad turística | ||
| 650 | |a DESARROLLO ECONOMICO | ||
| 650 | |a ESTRATEGIAS DE DESARROLLO | ||
| 650 | |a ARTESANIA | ||
| 650 | |a HONDURAS | ||
| 999 | |c 17991 |d 17991 | ||
